00758nam a2200229 i 450000100060000000300090000600500170001500700030003200800410003502000180007608000100009424500950010426000740019930000410027349000220031465000210033670000200035770000310037771000650040883000220047385200330049588958ES-MaACL20230906180000.0t|050117s1992 sp ||||1| spa d a84-00-07271-5 a510.600aAplicaciones de la lógica borrosa / cEnric Trillas, Julio Gutiérrez Ríos, editores. aMadrid : bConsejo Superior de Investigaciones Científicas, c1992. aX, 266 p. : bil. gráf. ; c24 cm.1 aNuevas tendencias 4aLógica difusa.1 aTrillas, Enric.1 aGutiérrez Ríos, Julio.2 aConsejo Superior de Investigaciones Científicas (España)0 aNuevas tendencias aES-MaACLjE-10789 bR.135164